|
|
|
|
| LEADER |
00000nam a22000007a 4500 |
| 005 |
20180719123514.0 |
| 007 |
cr|||| |||| |
| 008 |
180719s2018 br |||||s|||| 00||0 por d |
| 020 |
|
|
|a 978-85-361-9548-3
|
| 035 |
|
|
|a 21775
|
| 040 |
|
|
|a vLex
|
| 090 |
|
|
|c 8053
|d 8053
|
| 100 |
1 |
|
|a Messias Saliba, Tuffi
|
| 245 |
1 |
0 |
|a Jurisprudn̊cia de insalubridade, periculosidade, acidentes e doenȧs do trabalho e prova pericial
|h [Recurso electrn̤ico] :
|b Comentadas e anotadas /
|c Tuffi Messias Saliba
|
| 256 |
|
|
|a Servicio en ln̕ea
|
| 260 |
|
|
|a San Pablo:
|b LTR,
|c 2018
|
| 300 |
|
|
|a 1 recurso electrn̤ico
|
| 500 |
|
|
|a O livro apresenta jurisprudn̊cia e sm︢ulas de todos os tribunais. Essas decise̳s foram organizadas em funȯ̂ dos temas abordados na obra, alm̌ de comentadas e anotadas.
|
| 506 |
1 |
|
|a Disponible solo en los productos indicados
|d vLex Global
|d vLex Global (Academic Edition, excluding Law Schools)
|d vLex Global (U.S. Academic Edition, Law Schools)
|d vLex Global (U.S. Academic Edition, excluding Law Schools)
|d vLex Global (Academic Edition, Law Schools)
|
| 650 |
0 |
4 |
|a Derecho Laboral y Seguridad Social
|z Brasil
|
| 650 |
0 |
4 |
|a Prevencin̤ de Riesgos Laborales
|z Brasil
|
| 650 |
0 |
4 |
|a Seguridad y Salud Laboral
|z Brasil
|
| 740 |
0 |
|
|a vLex Libros (Servicio en ln̕ea)
|
| 856 |
4 |
0 |
|u http://vlex.com/source/jurisprud-ncia-de-insalubridade-periculosidade-acidentes-e-doen-as-do-trabalho-e-prova-pericial-comentadas-e-anotadas-21775
|z Acceso restringido
|
| 942 |
|
|
|c BOOK
|
| 999 |
0 |
|
|a Labor Law and Social Security
|
| 999 |
0 |
|
|a Prevention of Labor Risks
|
| 999 |
0 |
|
|a Occupational Health and Safety
|